000 01033cam a2200313 a 4500
003 CHAP
005 20220329142402.0
008 000904b us r 00010 eng d
010 _a82731
011 _a83703
035 _a94218
040 _cCHAP
090 _aR-3664
100 0 0 _aDeRosa, Dean A.
_931945
245 1 0 _aProtection and export performance in Sub-Saharan Africa
_c/by Dean A. DeRosa
500 _aSobretiro de: Weltwirtschaftliches Archiv 128 (1), 1992
590 _aBATCH-UPD
_b10
_c20130110
_lUCH01
_h0724
590 _aBATCH-UPD
_b10
_c20130410
_lUCH01
_h0408
590 _aBATCH-UPD
_b10
_c20130913
_lUCH01
_h1958
590 _aCONVERSION
_b10
_c20130109
_lUCH01
_h1346
650 1 4 _aAfrica
_xCondiciones económicas.
_91035
650 1 4 _aExportación e importación
_xAfrica.
_939075
650 1 4 _aModelos econométricos.
_976416
650 1 4 _aPolítica económica
_xAfrica.
_990490
901 _aBK
905 _aMarco A. Mendoza T.
942 _cREIMP
949 _aR-3664
_bBC
_cR
_d33724002016009
_eTS1
_i94218
_sb
999 _c82731
_d82731